000 00407nam a22001697a 4500
003 CEME
005 20210628203739.0
008 210416b xxu||||| |||| 00| 0 eng d
020 _a0-7506-1750-0
040 _c.
082 _a004 HEA'V
100 _aHeath, Steve
_967117
245 _aVme bus , a practical companion
260 _bBUTTERWORTH HEINEMANN
_c1993
300 _aXII,377P
942 _cBK
_2ddc
999 _c574965
_d574965